Let's have a battle (my little pony) - lyrics - Statistics

General Stats
  • This quiz has been taken 55 times
  • The average score is 196 of 256
Answer Stats
Answer % Correct
a
96%
of
89%
the
89%
We
89%
we
89%
bands
85%
Battle
85%
battle,
85%
battle
85%
Ha
85%
have
85%
I
85%
Let's
85%
so
85%
to
85%
want
85%
when
85%
win
85%
you
85%
you,
85%
You
85%
you!
85%
Are
81%
be
81%
beat
81%
Oh
81%
same,
81%
same
81%
Ah
78%
ah
78%
is
78%
it
78%
It
78%
Me
78%
me
78%
one
78%
Why
78%
wish!
78%
afraid
74%
and
74%
audition
74%
better
74%
better?
74%
brighter?
74%
brighter
74%
don't
74%
dont
74%
failing
74%
heard
74%
in
74%
see
74%
shine
74%
Shine
74%
some
74%
thing
74%
this
74%
this!
74%
who
74%
with
74%
all
70%
competition?
70%
get
70%
little
70%
school
70%
us
70%
wanna
70%
what's
70%
wrong
70%
your
70%
can
67%
fighter?
67%
go
67%
know
67%
loser
67%
Not
67%
or
67%
rock
67%
together
67%
we'll
67%
first!
63%
If
63%
if
63%
above
59%
rest
59%
should
59%
something
59%
Something
59%
star
59%
that
59%
You're
59%
you're
59%
best
56%
rules
56%
pretend
52%
proving
52%
rise
52%
thought
52%
we're
52%
chance
48%
changes
48%
doesn't
48%
hurt
48%
just
48%
matter
48%
winning
48%
find
44%
flame
44%
going
44%
Here's
44%
out
44%
Yeah
44%
We've
41%
I'm
33%
No matching quizzes found
Score Distribution
Percent of People with Each Score
Percentile by Number Answered
Your Score History
You have not taken this quiz